Účtovné zobrazenie zriaďovacích nákladov

Z novely zákona o účtovníctve a postupov účtovania vyplýva, že zriaďovacie náklady sa v SR nepovažujú za dlhodobý nehmotný majetok. Pri svojom vzniku, ich bude účtovná jednotka priamo účtovať do nákladov na príslušné nákladové účty.

Gespeichert in:
Bibliographische Detailangaben
1. Verfasser: Mateášová, Martina, 1979-
Format: Buchkapitel
Sprache:Slowakisch
Schlagworte:
Tags: Tag hinzufügen
Keine Tags, Fügen Sie das erste Tag hinzu!

MARC

LEADER 00000naa$a2200000$$$4500
001 0099578
005 20240502072108.9
041 0 |a slo 
044 |a SK 
245 1 0 |a Účtovné zobrazenie zriaďovacích nákladov  |c Martina Mateášová 
520 |a Z novely zákona o účtovníctve a postupov účtovania vyplýva, že zriaďovacie náklady sa v SR nepovažujú za dlhodobý nehmotný majetok. Pri svojom vzniku, ich bude účtovná jednotka priamo účtovať do nákladov na príslušné nákladové účty. 
610 2 0 |a jednotka účtovná 
610 2 0 |a náklady 
610 2 0 |a náklady prvotné 
610 2 0 |a účtovanie nákladov 
100 1 |a Mateášová, Martina, 1979-